000 00428nam a2200157Ia 4500
003 OSt
005 20230526161920.0
008 211028s2016 xx 000 0 und d
040 _cAIMIT LIBRARY
041 _aeng
100 _aPereira, Renita Crystal; Shetty, Annapoorna.
_98650
_e141919
110 _aAnnapoorna Shetty
_98651
245 _aFinancial asset management system.
260 _aMangalore
_c2016
942 _2ddc
_cPRO
999 _c219994
_d219994